Welcome to WEB OPAC of MRSPTU Central Library

Applied Physics-II (Record no. 7677)

MARC details
000 -LEADER
fixed length control field 00358nam a2200157Ia 4500
008 - FIXED-LENGTH DATA ELEMENTS--GENERAL INFORMATION
fixed length control field 230711s9999||||xx |||||||||||||| ||und||
041 ## - LANGUAGE CODE
Language code of text/sound track or separate title ENG
082 ## - DEWEY DECIMAL CLASSIFICATION NUMBER
Classification number 530
Item number BA-A
100 ## - MAIN ENTRY--PERSONAL NAME
Personal name Banwal,R.A
245 #0 - TITLE STATEMENT
Title Applied Physics-II
250 ## - EDITION STATEMENT
Edition statement 1st Ed.
260 ## - PUBLICATION, DISTRIBUTION, ETC.
Date of publication, distribution, etc. 1992
Place of publication, distribution, etc. Jalandhar
Name of publisher, distributor, etc. Eagles Prakashan Regd
300 ## - PHYSICAL DESCRIPTION
Extent 464p.
650 ## - SUBJECT ADDED ENTRY--TOPICAL TERM
Topical term or geographic name entry element Physics
942 ## - ADDED ENTRY ELEMENTS (KOHA)
Koha item type Book
Holdings
Withdrawn status Lost status Damaged status Not for loan Collection Home library Current library Date acquired Cost, normal purchase price Total checkouts Full call number Barcode Date last seen Price effective from Koha item type
          MRSPTU Central Library MRSPTU Central Library   258.00   530 BA-A PW460 08/17/2023 08/17/2023 Book
          MRSPTU Central Library MRSPTU Central Library   258.00   530 BA-A PW461 08/17/2023 08/17/2023 Book
          MRSPTU Central Library MRSPTU Central Library   258.00   530 BA-A PW462 08/17/2023 08/17/2023 Book
          MRSPTU Central Library MRSPTU Central Library   258.00   530 BA-A PW463 08/17/2023 08/17/2023 Book
          MRSPTU Central Library MRSPTU Central Library   258.00   530 BA-A PW464 08/17/2023 08/17/2023 Book
          MRSPTU Central Library MRSPTU Central Library   258.00   530 BA-A PW465 08/17/2023 08/17/2023 Book
          MRSPTU Central Library MRSPTU Central Library   258.00   530 BA-A PW466 08/17/2023 08/17/2023 Book
          MRSPTU Central Library MRSPTU Central Library   258.00   530 BA-A PW467 08/17/2023 08/17/2023 Book
          MRSPTU Central Library MRSPTU Central Library   258.00   530 BA-A PW468 08/17/2023 08/17/2023 Book
          MRSPTU Central Library MRSPTU Central Library   258.00   530 BA-A PW469 08/17/2023 08/17/2023 Book

Website Designed and Developed by MRSPTU Central Library Team

E-mail Id: librarian@mrsptu.ac.in